[Event "ICS rated blitz match"]
[Site "204.178.125.65"]
[Date "2001.01.19"]
[Round "?"]
[White "ChesterX"]
[Black "Hossa"]
[Result "1-0"]
[WhiteElo "2591"]
[BlackElo "2567"]
[PlyCount "169"]
[EventDate "2001.??.??"]

1. e4 c5 2. c4 Nc6 3. Nc3 d6 4. g3 Nf6 5. Bg2 Nd4 6. Nge2 Bg4 7. O-O Nf3+ 8.
Kh1 h5 9. h3 h4 10. Nf4 Nh2 11. hxg4 hxg3 12. Kg1 Nxf1 13. Kxf1 gxf2 14. Kxf2
Qd7 15. g5 Ng4+ 16. Ke1 Ne5 17. Qe2 O-O-O 18. Nb5 Kb8 19. d3 a6 20. Nc3 e6 21.
Be3 Be7 22. Nh3 Rh7 23. Kd2 b5 24. Rh1 b4 25. Nd1 Qa4 26. a3 bxa3 27. bxa3 Qxa3
28. Ndf2 Qb4+ 29. Kd1 Qb1+ 30. Bc1 Qa1 31. Qc2 Rh4 32. Kd2 Rd7 33. Bb2 Qa5+ 34.
Bc3 Qc7 35. Ke2 Kc8 36. Qa4 Qb6 37. Ra1 Rh5 38. Bxe5 dxe5 39. Bf3 Rh8 40. Qxa6+
Qxa6 41. Rxa6 Kb7 42. Ra1 Kc6 43. Bg4 Rdd8 44. Ra7 Rhe8 45. g6 fxg6 46. Bxe6
Kb6 47. Ra2 Rh8 48. Ng1 Bg5 49. Bd5 Rd7 50. Nf3 Bf4 51. Rb2+ Ka7 52. Ng4 Re7
53. Rb5 Rb8 54. Rxb8 Kxb8 55. Nh4 g5 56. Ng6 Re8 57. Bf7 Rd8 58. N4xe5 Bxe5 59.
Nxe5 Kc7 60. Ng6 g4 61. e5 Ra8 62. e6 Ra2+ 63. Kf1 Ra1+ 64. Kf2 Ra2+ 65. Kg3
Re2 66. e7 Kd7 67. e8=Q+ Rxe8 68. Bxe8+ Kxe8 69. Kxg4 Kf7 70. Kf5 Ke8 71. d4
cxd4 72. Ke4 d3 73. Kxd3 Kf7 74. c5 Ke6 75. Ke4 Kd7 76. Kd5 Kc7 77. c6 Kb8 78.
Kd6 Ka7 79. c7 Kb7 80. Ne5 g5 81. Nc4 g4 82. Kd7 g3 83. c8=Q+ Ka7 84. Qc7+ Ka6
85. Qb6# {Hossa checkmated} 1-0

[Event "ICS Rated standard match"]
[Site "204.178.125.65"]
[Date "2001.01.19"]
[Round "?"]
[White "Hossa"]
[Black "ChesterX"]
[Result "0-1"]
[WhiteElo "2325"]
[BlackElo "2487"]
[PlyCount "100"]
[EventDate "2001.??.??"]

1. e4 e6 2. d4 b6 3. c4 Bb7 4. Nc3 Nf6 5. f3 d5 6. cxd5 exd5 7. e5 Nfd7 8. f4
Bb4 9. Qg4 O-O 10. f5 Re8 11. Be2 c5 12. Bh6 g6 13. Nf3 cxd4 14. e6 dxc3 15.
Qxb4 fxe6 16. fxg6 cxb2 17. Qxb2 Qf6 18. Qxf6 Nxf6 19. Bd3 e5 20. Ng5 hxg6 21.
Bxg6 Re7 22. O-O Nbd7 23. Rac1 Ba6 24. Rf2 Bc4 25. Rd1 e4 26. a3 Rc8 27. Bf5
Rc6 28. Nh3 e3 29. Rf3 e2 30. Re1 Ne4 31. Bxe4 Rxe4 32. Rg3+ Kh7 33. Bc1 Rf6
34. Ng5+ Kh8 35. Rf3 Rxf3 36. gxf3 Re7 37. f4 Nc5 38. Bb2+ Kg8 39. Be5 d4 40.
Nf3 d3 41. Kf2 Bd5 42. Rg1+ Kf8 43. Ng5 Re8 44. Nh7+ Ke7 45. Rg7+ Kd8 46. Ng5
Nd7 47. Rxd7+ Kxd7 48. Nh3 Rc8 49. Ng1 Rc1 50. Nxe2 d2 {Hossa resigns} 0-1

[Event "ICS rated blitz match"]
[Site "204.178.125.65"]
[Date "2001.01.19"]
[Round "?"]
[White "Hossa"]
[Black "ChesterX"]
[Result "1-0"]
[WhiteElo "2552"]
[BlackElo "2606"]
[PlyCount "165"]
[EventDate "2001.??.??"]

1. e4 e5 2. Nf3 Nc6 3. Bb5 a6 4. Ba4 Nf6 5. O-O Be7 6. Re1 b5 7. Bb3 d6 8. c3
O-O 9. h3 Na5 10. Bc2 c5 11. d4 Nc6 12. d5 Na5 13. b3 Qc7 14. Be3 Bb7 15. Nbd2
Nd7 16. Nf1 Nf6 17. Qe2 Rac8 18. Ng3 Nd7 19. Nf5 Bf6 20. Bd2 g6 21. Nh6+ Kh8
22. Ng5 Bxg5 23. Bxg5 Rce8 24. Ng4 f5 25. exf5 gxf5 26. Ne3 Nb6 27. Qh5 Nxd5
28. Nxd5 Bxd5 29. Bf6+ Rxf6 30. Qxe8+ Kg7 31. Qh5 Be6 32. Re3 d5 33. Rf3 e4 34.
Rg3+ Rg6 35. Rxg6+ hxg6 36. Qg5 Nc6 37. h4 Qe7 38. Qxe7+ Nxe7 39. Rd1 Kf6 40.
a3 Ke5 41. b4 d4 42. cxd4+ cxd4 43. f4+ Kxf4 44. Rxd4 Bc4 45. Rd6 e3 46. Rxa6
Kg3 47. Bd1 Kxh4 48. Bf3 g5 49. Ra7 Ng8 50. a4 bxa4 51. Rxa4 f4 52. Bc6 Bb3 53.
Ra3 Ne7 54. b5 Bd5 55. Bxd5 Nxd5 56. Rd3 Nb6 57. Rd6 Nc4 58. Re6 Na5 59. b6 g4
60. Re5 Nb7 61. Re7 Nc5 62. b7 Nxb7 63. Rxb7 Kh5 64. Rf7 Kg5 65. Kf1 g3 66. Ke2
Kg4 67. Rg7+ Kf5 68. Kf3 Ke5 69. Rg5+ Ke6 70. Kxf4 e2 71. Re5+ Kd6 72. Rxe2 Kd5
73. Kxg3 Kd4 74. Kf3 Kd5 75. g4 Kd4 76. g5 Kd5 77. g6 Kd4 78. g7 Kc4 79. g8=Q+
Kb5 80. Qc8 Ka4 81. Qc3 Kb5 82. Rb2+ Ka6 83. Qa3# {ChesterX checkmated} 1-0

[Event "ICS rated standard match"]
[Site "204.178.125.65"]
[Date "2001.01.19"]
[Round "?"]
[White "diep"]
[Black "Hossa"]
[Result "0-1"]
[WhiteElo "2589"]
[BlackElo "2316"]
[PlyCount "130"]
[EventDate "2001.??.??"]

1. d4 d5 2. c4 c6 3. Nc3 e6 4. Nf3 dxc4 5. a4 Bb4 6. e3 b5 7. Bd2 Nf6 8. axb5
Bxc3 9. Bxc3 cxb5 10. b3 Ne4 11. Ba5 Qd5 12. bxc4 bxc4 13. Ne5 Nd6 14. Bc7 Nc6
15. Bxd6 Qxd6 16. Nxc4 Qb4+ 17. Qd2 Bd7 18. Qxb4 Nxb4 19. Kd2 Ke7 20. Be2 Bc6
21. Ne5 Bxg2 22. Rhg1 Be4 23. Ra5 a6 24. Rxg7 Bg6 25. e4 Rac8 26. Ra4 a5 27.
Rxa5 Kf6 28. Rxg6+ hxg6 29. Ra7 Rh7 30. f4 Nc6 31. Rb7 Nxe5 32. dxe5+ Kg7 33.
Rd7 Rxh2 34. Rd3 Ra8 35. Ke3 Rh3+ 36. Bf3 Kh6 37. Rb3 g5 38. fxg5+ Kxg5 39. Rc3
Ra1 40. Rd3 Rg3 41. Kd4 Kf4 42. Be2 Ra4+ 43. Kc5 Rxd3 44. Bxd3 Rxe4 45. Kc6
Rxe5 46. Bf1 Re1 47. Ba6 f5 48. Kd6 Kg4 49. Ke7 f4 50. Bb5 f3 51. Kd6 f2 52.
Bc4 f1=Q 53. Bxf1 Rxf1 54. Kxe6 Rd1 55. Ke5 Kf3 56. Kf6 Re1 57. Kg5 Ke4 58. Kf6
Kf4 59. Kg6 Re6+ 60. Kf7 Kf5 61. Kg7 Rf6 62. Kh7 Rg6 63. Kh8 Kf6 64. Kh7 Kf7
65. Kh8 Rh6# {diep checkmated} 0-1

[Event "ICS rated blitz match"]
[Site "204.178.125.65"]
[Date "2001.01.19"]
[Round "?"]
[White "Hossa"]
[Black "fonypony"]
[Result "1-0"]
[WhiteElo "2570"]
[BlackElo "2026"]
[PlyCount "43"]
[EventDate "2001.??.??"]

1. e4 d5 2. exd5 Nf6 3. d4 Nxd5 4. c4 Nb6 5. Nc3 g6 6. Nf3 Bg7 7. Be2 O-O 8.
O-O Nc6 9. d5 Ne5 10. Nxe5 Bxe5 11. Bh6 Re8 12. Qc1 e6 13. dxe6 Bxe6 14. Rd1
Qh4 15. g3 Qh3 16. c5 Bxc3 17. cxb6 Bf6 18. bxc7 Rac8 19. Bb5 Bg4 20. Bxe8 Bf3
21. Bxf7+ Kh8 22. Rd8+ {fonypony resigns} 1-0

[Event "ICS rated standard match"]
[Site "204.178.125.65"]
[Date "2001.01.19"]
[Round "?"]
[White "Hossa"]
[Black "diep"]
[Result "1/2-1/2"]
[WhiteElo "2342"]
[BlackElo "2563"]
[PlyCount "102"]
[EventDate "2001.??.??"]

1. e4 e5 2. Nf3 Nc6 3. Bb5 a6 4. Ba4 Nf6 5. O-O Be7 6. Re1 b5 7. Bb3 O-O 8. c3
d5 9. exd5 Nxd5 10. Nxe5 Nxe5 11. Rxe5 c6 12. d4 Bd6 13. Re1 Qh4 14. g3 Qh3 15.
Be3 Bg4 16. Qd3 Rae8 17. Nd2 Re6 18. a4 Qh5 19. axb5 axb5 20. Qf1 Bh3 21. Bd1
Qf5 22. Qe2 Rfe8 23. Nf1 Qg6 24. Qh5 Bxf1 25. Qxg6 hxg6 26. Kxf1 Nxe3+ 27. Rxe3
Rxe3 28. fxe3 c5 29. Kf2 b4 30. cxb4 cxd4 31. exd4 Re4 32. Ra8+ Kh7 33. Bb3 f5
34. Bf7 Rxd4 35. Ra6 f4 36. b5 g5 37. Kg2 g4 38. gxf4 Bxf4 39. Bg6+ Kh6 40.
Bd3+ Kg5 41. Ra3 Rb4 42. b3 Rd4 43. b4 Rxb4 44. Rc3 Rb2+ 45. Rc2 Rb3 46. Bf1
Be5 47. Bc4 Rh3 48. Kg1 Bd4+ 49. Kg2 Be5 50. Kg1 Bd4+ 51. Kg2 Be5 {
Game drawn by repetition} 1/2-1/2

[Event "ICS rated standard match"]
[Site "204.178.125.65"]
[Date "2001.01.19"]
[Round "?"]
[White "diep"]
[Black "Hossa"]
[Result "1-0"]
[WhiteElo "2554"]
[BlackElo "2351"]
[Annotator "Nimzo 8 (23s)"]
[PlyCount "123"]
[EventDate "2001.??.??"]

{C61: Spanische Partie (Bird-Verteidigung)} 1. e4 e5 2. Nf3 Nc6 3. Bb5 Nd4 (
3... Nf6 4. O-O $14) 4. Nxd4 exd4 5. O-O c6 6. Bc4 Nf6 7. e5 d5 8. exd6 Bxd6 9.
Re1+ Be7 10. Qe2 b5 11. Bb3 a5 12. a4 Ra7 $2 (12... b4 $142 $11 {
und Schwarz spielt mit}) 13. axb5 O-O (13... c5 14. d3 $18) 14. bxc6 Bd6 15. h3
Bb8 16. Qf3 Re8 {Nicht ohne Gift} 17. Rf1 Qd6 {|^h2 muss beachtet werden} 18.
Qg3 Qb4 {Schwarz droht stark Bxg3} 19. Qh4 a4 20. Ba2 Ra6 21. d3 Rxc6 22. Na3
Re2 23. Bg5 h6 24. Bxf7+ Kf8 {Schwarz droht, mit hxg5 kontern} (24... Kxf7 25.
Bxf6 Qd6 26. g3 $11) 25. Bxf6 Rxf6 {Wenn Schwarz jetzt zu Qd6 kaeme...} 26. Bh5
g5 27. c3 Qxb2 $2 (27... gxh4 $142 28. cxb4 Rxb2 $16) 28. Qxd4 Rexf2 {
Zerstoerung der Bauerndeckung. Es droht Rxg2.} 29. Qxf6+ (29. Rxf2 {
Eine Ablenkung} 29... Qxa1+ {Motiv: Doppelangriff}) 29... Rxf6 30. Rxf6+ Ke7 (
30... Kg8 31. Re1 Bd7 32. Rg6+ Kf8 $18) 31. Rf7+ Kd8 32. Rb1 Ba7+ (32... Qxc3
33. Rxb8 Qc5+ 34. Rf2 Qc1+ 35. Rf1 Qc5+ 36. d4 $18) 33. Rxa7 Qxa3 34. Ra8 Kc7
35. Rb4 {Ist a4 bedroht?} 35... Bf5 (35... Be6 {aendert nichts mehr} 36. Raxa4
Qc1+ 37. Kh2 $18) 36. Kh2 Qa1 (36... Qc1 {waere noch eine kleine Chance} 37.
Ra7+ Kd6 38. Rbxa4 g4 39. hxg4 Qg5 40. Rd4+ Kc6 $18) 37. Ra7+ Kc8 (37... Kd6 {
bietet noch letzte Rettungschancen} 38. Rb6+ Kc5 $18) 38. Bf3 Qxc3 39. Rc4+
Qxc4 40. dxc4 Bc2 41. c5 Kb8 42. Ra6 Bb3 (42... Kc7 {nuetzt auch nichts mehr}
43. Rxh6 Bd3 44. Kg3 $18) 43. Rxh6 Kc8 44. Rh8+ Kc7 45. Rh7+ Kb8 46. c6 Be6 47.
Re7 Bf5 48. Bd5 Bc8 49. g4 a3 50. c7+ Ka7 51. Re8 a2 52. Rxc8 a1=Q 53. Ra8+ Kb6
{Wenn Schwarz nun zu Qe5 kommt, geht es ihm besser} 54. Rxa1 Kxc7 55. Ra6 Kd7
56. h4 Kc7 (56... gxh4 {holt die Kuh nicht vom Eis} 57. g5 Kc7 58. g6 h3 59. g7
Kd7 60. g8=Q Kc7 61. Qg7+ Kb8 62. Ra8#) 57. hxg5 Kd7 (57... Kd8 {
macht keinen grossen Unterschied} 58. g6 Kd7 59. g7 Kc7 60. g8=Q Kd7 61. Qg7+
Kc8 62. Ra8#) 58. g6 Ke7 59. g7 Kd7 60. g8=Q Ke7 61. Qf7+ Kd8 62. Ra8# 1-0

[Event "ICS rated blitz match"]
[Site "204.178.125.65"]
[Date "2001.01.19"]
[Round "?"]
[White "bescientific"]
[Black "Hossa"]
[Result "0-1"]
[WhiteElo "2006"]
[BlackElo "2571"]
[PlyCount "64"]
[EventDate "2001.??.??"]

1. e4 e5 2. Nf3 Nc6 3. Bb5 a6 4. Ba4 Nf6 5. O-O Be7 6. d3 b5 7. Bb3 d6 8. c3
O-O 9. Re1 b4 10. Nbd2 Rb8 11. Nf1 bxc3 12. bxc3 Na5 13. Bc2 c6 14. Ng3 Qc7 15.
h3 Be6 16. Nh2 Nb7 17. Qf3 d5 18. Ng4 Nxg4 19. hxg4 Qa5 20. d4 exd4 21. exd5
Qxd5 22. Qxd5 cxd5 23. cxd4 Bb4 24. Re3 Bxg4 25. Ba3 Nd6 26. Bxb4 Rxb4 27. Ra3
Ra8 28. f3 Bd7 29. Rd1 Rb2 30. Rd2 Nc4 31. Bxh7+ Kxh7 32. Rxb2 Nxb2 {
bescientific resigns} 0-1

[Event "ICS rated blitz match"]
[Site "204.178.125.65"]
[Date "2001.01.19"]
[Round "?"]
[White "Radik"]
[Black "Hossa"]
[Result "1-0"]
[WhiteElo "2666"]
[BlackElo "2572"]
[PlyCount "114"]
[EventDate "2001.??.??"]

1. e4 e5 2. Nf3 Nc6 3. Bc4 Be7 4. d4 d6 5. dxe5 dxe5 6. Qxd8+ Bxd8 7. Nc3 Nd4
8. Nxe5 f6 9. Nf7 Nxc2+ 10. Kd1 Nxa1 11. Nxh8 Kf8 12. Be3 g5 13. Kd2 Nh6 14. h4
Kg7 15. hxg5 Ng4 16. Nf7 Nxe3 17. fxe3 Bd7 18. Rxa1 fxg5 19. Nxd8 Rxd8 20. Kc2
Re8 21. Rh1 a6 22. a4 Bg4 23. Bd3 c6 24. Rf1 a5 25. Rf2 Kg6 26. Ne2 h5 27. Nd4
Re5 28. Nf3 Re8 29. Kd2 h4 30. e5+ Kh5 31. Bc4 Rd8+ 32. Kc3 Rf8 33. e6 Re8 34.
Nd4 h3 35. gxh3 Bxh3 36. Nf5 Bxf5 37. Rxf5 b6 38. Rf6 g4 39. e4 Kg5 40. e5 g3
41. Bf1 Re7 42. Bg2 Rg7 43. Kd4 Kh4 44. Ke3 c5 45. Kf4 Rg4+ 46. Kf3 Rg7 47. Kf4
Rg4+ 48. Kf5 Rg5+ 49. Ke4 Rg7 50. Rf7 Rg8 51. Kf5 Rg5+ 52. Kf6 Rh5 53. e7 Rh8
54. Kf5 c4 55. e8=Q Rh5+ 56. Kf4 Rh6 57. Qe7+ Rf6+ {Hossa resigns} 1-0

[Event "ICS rated standard match"]
[Site "204.178.125.65"]
[Date "2001.01.19"]
[Round "?"]
[White "Hossa"]
[Black "diep"]
[Result "0-1"]
[WhiteElo "2343"]
[BlackElo "2562"]
[PlyCount "102"]
[EventDate "2001.??.??"]

1. e4 c5 2. c4 Nc6 3. Nc3 g6 4. Nf3 Bg7 5. Be2 d6 6. O-O Nf6 7. d3 O-O 8. Bd2
Bd7 9. Bf4 Ng4 10. Qd2 Nge5 11. Nxe5 dxe5 12. Bh6 Bxh6 13. Qxh6 Nd4 14. Bd1 Qb6
15. Rb1 Qd6 16. a3 b6 17. Re1 Rad8 18. b4 Rb8 19. Ne2 Ne6 20. Bc2 Rfc8 21. Rf1
b5 22. Rfd1 Nd4 23. Nxd4 exd4 24. Bb3 cxb4 25. axb4 bxc4 26. Bxc4 Bg4 27. f3
Be6 28. Bxe6 Qxe6 29. Rb2 Qd6 30. Qd2 Rc3 31. Ra2 a6 32. Rda1 Qxb4 33. Rxa6 Qb5
34. Ra7 Rxd3 35. Qf4 Rb7 36. Ra8+ Kg7 37. e5 Qb3 38. Qc1 Rc3 39. Qd2 Rc2 40.
Qxd4 Qb2 41. Qxb2 Rbxb2 42. g4 Rg2+ 43. Kh1 Rxh2+ 44. Kg1 Rhg2+ 45. Kh1 Rgf2
46. R8a3 Rbe2 47. Kg1 h5 48. gxh5 gxh5 49. Rc3 e6 50. Rd1 h4 51. Rc4 Rg2+ {
Hossa resigns} 0-1

[Event "ICS rated blitz match"]
[Site "204.178.125.65"]
[Date "2001.01.19"]
[Round "?"]
[White "Hossa"]
[Black "Zippy"]
[Result "0-1"]
[WhiteElo "2560"]
[BlackElo "2324"]
[PlyCount "111"]
[EventDate "2001.??.??"]

1. e4 c5 2. c4 Nc6 3. Nc3 Nf6 4. Nf3 d6 5. d4 cxd4 6. Nxd4 Qb6 7. Nb3 Bg4 8. f3
Bd7 9. Be2 Rc8 10. Bf4 Nb4 11. Bg3 Qe3 12. a3 Nc6 13. Bf2 Qg5 14. O-O Bh3 15.
Bg3 Qe3+ 16. Kh1 Be6 17. Nd5 Qg5 18. f4 Qh6 19. Nc3 b6 20. f5 Bd7 21. Bf4 g5
22. Be3 Ne5 23. Nd2 Bg7 24. b3 O-O 25. Re1 e6 26. Nf1 Bc6 27. Qc1 Nxe4 28. Nxe4
Bxe4 29. Bxg5 Qh3 30. Ne3 Nd3 31. Bxd3 Be5 32. Kg1 Qxh2+ 33. Kf2 Bxd3 34. Qd2
Be4 35. Be7 Rfe8 36. f6 Kh8 37. Rec1 Bxg2 38. Nxg2 Rg8 39. Rg1 Qg3+ 40. Kf1
Bxa1 41. Qd1 Rc5 42. Ne3 Qxg1+ 43. Ke2 Qh2+ 44. Kd3 Rg1 45. Qf3 Qb2 46. Qa8+
Rg8 47. Qf3 Qxb3+ 48. Ke2 Re5 49. Qf4 Rxe3+ 50. Qxe3 Qxc4+ 51. Ke1 Bc3+ 52. Kf2
Bd4 53. Bxd6 Qa2+ 54. Kf1 Bxe3 55. Bg3 Rxg3 56. a4 {Hossa resigns} 0-1

[Event "ICS Rated blitz match"]
[Site "204.178.125.65"]
[Date "2001.01.19"]
[Round "?"]
[White "ChesterX"]
[Black "Hossa"]
[Result "1-0"]
[WhiteElo "2581"]
[BlackElo "2535"]
[PlyCount "102"]
[EventDate "2001.??.??"]

1. Nf3 Nf6 2. c4 e6 3. Nc3 d5 4. d4 Be7 5. Bg5 h6 6. Bh4 g5 7. Bg3 Ne4 8. e3
Nxg3 9. hxg3 c6 10. Bd3 Nd7 11. cxd5 exd5 12. Qc2 Nb6 13. O-O-O Be6 14. Bh7 Qd6
15. Ne5 Bf6 16. f4 Bg7 17. Bf5 gxf4 18. exf4 Bxe5 19. fxe5 Qe7 20. Bxe6 Qg5+
21. Qd2 Qxd2+ 22. Rxd2 fxe6 23. Ne2 Kd7 24. Rf1 Raf8 25. Nf4 c5 26. dxc5 Nc4
27. Re2 Rhg8 28. b3 Na5 29. Re3 Rc8 30. Nd3 Nc6 31. Rf7+ Ne7 32. Ref3 Rce8 33.
Rh7 Rg6 34. Rf6 Rxg3 35. Nf4 Rg4 36. Nxe6 Rxg2 37. Ng7 Rg1+ 38. Kd2 Rg2+ 39.
Ke3 Rxg7 40. Rxg7 Kc8 41. e6 h5 42. Kd4 h4 43. Rff7 Kd8 44. Rh7 h3 45. Rxh3 Rg8
46. Rhh7 Re8 47. Ke5 d4 48. Kxd4 Nc6+ 49. Kd5 Ne7+ 50. Ke4 a6 51. a3 a5 {
Hossa resigns} 1-0

[Event "ICS rated blitz match"]
[Site "204.178.125.65"]
[Date "2001.01.19"]
[Round "?"]
[White "criss"]
[Black "Hossa"]
[Result "0-1"]
[WhiteElo "1911"]
[BlackElo "2523"]
[PlyCount "32"]
[EventDate "2001.??.??"]

1. e4 c5 2. d4 cxd4 3. c3 dxc3 4. Nxc3 Nc6 5. Nf3 e6 6. Bc4 Qc7 7. Qe2 Bb4 8.
O-O Bxc3 9. bxc3 Nge7 10. Be3 O-O 11. Rfd1 f5 12. e5 Nxe5 13. Bf4 Nxf3+ 14.
Qxf3 Qxc4 15. Rd4 Qc6 16. Be5 Qxf3 {criss resigns} 0-1

[Event "ICS Rated standard match"]
[Site "204.178.125.65"]
[Date "2001.01.19"]
[Round "?"]
[White "diep"]
[Black "Hossa"]
[Result "1-0"]
[WhiteElo "2569"]
[BlackElo "2336"]
[Annotator "Nimzo 8 (30s)"]
[PlyCount "145"]
[EventDate "2001.??.??"]

{D45: Damengambit (Anti-Meraner Variante)} 1. d4 d5 2. c4 c6 3. Nc3 e6 4. e3
Nf6 5. Nf3 Nbd7 6. Qc2 Be7 7. b3 Qc7 8. Bd2 O-O 9. a4 Bb4 10. Bd3 e5 11. cxd5
exd4 12. Nxd4 cxd5 13. Be2 Qb8 14. O-O Ne5 15. Ne4 Be7 16. Nxf6+ Bxf6 17. Bb4
Re8 18. Nb5 Re6 19. Rad1 Nc6 20. Ba3 a6 21. Nc3 Be5 22. f4 Bxc3 23. Qxc3 Qa7
24. Kf2 Ne7 25. a5 Bd7 26. Bc5 Rc6 27. b4 Qb8 28. Qd2 Qe8 29. e4 Re6 30. exd5
Nxd5 31. Bf3 Nf6 32. Bxb7 Rb8 33. f5 Re5 34. Bf3 Bc6 35. Kg1 Bxf3 36. Rxf3 Rd5
37. Qc1 Qe2 38. Rxd5 Nxd5 39. Qf1 Qxf1+ 40. Kxf1 g5 41. Rg3 f6 42. Rd3 Nxb4 43.
Rd6 Nc2 44. Rxf6 Rb5 45. Rc6 Na1 46. Rc8+ Kf7 47. Rc7+ Kf6 48. g4 Ke5 49. Be3
h6 50. Re7+ Kd5 51. f6 Rb8 52. h4 Nc2 53. Bd2 Na1 54. f7 Rf8 55. hxg5 hxg5 56.
Bb4 Rxf7+ 57. Rxf7 Kc4 58. Be7 Nb3 59. Rf6 Nd2+ 60. Kg2 Kb3 61. Rb6+ Ka2 62.
Rxa6 Nc4 63. Re6 Nxa5 64. Ra6 Kb2 65. Rxa5 Kc3 66. Bf6+ Kd3 67. Rc5 Ke3 68. Be5
Ke4 69. Kf2 Kd3 70. Kf3 Kd2 71. Rc3 Kd1 72. Ke3 Ke1 73. Rc1# 1-0

[Event "ICS rated blitz match"]
[Site "204.178.125.65"]
[Date "2001.01.19"]
[Round "?"]
[White "armenjan"]
[Black "Hossa"]
[Result "0-1"]
[WhiteElo "2169"]
[BlackElo "2532"]
[PlyCount "55"]
[EventDate "2001.??.??"]

1. d4 Nf6 2. c4 e6 3. Nf3 b6 4. g3 Ba6 5. b3 Bb4+ 6. Bd2 Be7 7. Bg2 c6 8. O-O
d5 9. Qc2 c5 10. dxc5 bxc5 11. cxd5 exd5 12. Re1 O-O 13. Nc3 Nc6 14. Rad1 Nb4
15. Qb1 d4 16. Na4 Rb8 17. Bxb4 Rxb4 18. e3 d3 19. Ne5 d2 20. Rf1 Bxf1 21. Kxf1
Qd6 22. Nc6 Rb7 23. Nb2 Ng4 24. Nc4 Qf6 25. Rxd2 Nxh2+ 26. Ke1 Nf3+ 27. Bxf3
Qxf3 28. N4e5 {armenjan resigns} 0-1

[Event "ICS rated standard match"]
[Site "204.178.125.65"]
[Date "2001.01.19"]
[Round "?"]
[White "Hossa"]
[Black "Master-Shady"]
[Result "1-0"]
[WhiteElo "2329"]
[BlackElo "1966"]
[PlyCount "129"]
[EventDate "2001.??.??"]

1. Nf3 g6 2. g3 Bg7 3. e4 d6 4. d4 Bd7 5. Bg2 c5 6. dxc5 dxc5 7. O-O Nc6 8. Nc3
Bxc3 9. bxc3 Qa5 10. Bb2 Nf6 11. e5 Ng4 12. c4 Be6 13. Ng5 Rd8 14. Bxc6+ bxc6
15. Qf3 Bxc4 16. Rfd1 Rxd1+ 17. Rxd1 O-O 18. Qxg4 Qxa2 19. Qh4 h5 20. Qf4 Bd5
21. Qc1 Qc4 22. Rd3 f6 23. exf6 exf6 24. Nf3 Kg7 25. Nd2 Qg4 26. Ba3 Re8 27. f3
Qf5 28. Bxc5 Bxf3 29. Bxa7 Bg4 30. Nc4 Re2 31. Nd6 Qa5 32. Bf2 Qb4 33. c3 Qb3
34. Rd2 Qe6 35. Rxe2 Qxe2 36. Qe1 Qe5 37. Qxe5 fxe5 38. Bc5 Kf6 39. Kf2 Ke6 40.
c4 Bf5 41. Ke3 g5 42. Nxf5 Kxf5 43. Be7 g4 44. Bd8 Ke6 45. Ke4 Kd6 46. Bb6 Ke6
47. Bc7 Ke7 48. Kxe5 Kd7 49. Bb6 Kc8 50. Kf5 Kd7 51. Kg5 Ke6 52. Kxh5 Kf5 53.
Bc5 Ke4 54. Kxg4 Kd3 55. Kf4 Kxc4 56. Ke5 Kxc5 57. h4 Kb4 58. h5 c5 59. h6 c4
60. h7 c3 61. h8=R Kb3 62. Rc8 Kb2 63. g4 c2 64. Rxc2+ Kxc2 65. g5 {
Master-Shady resigns} 1-0

[Event "ICS rated blitz match"]
[Site "204.178.125.65"]
[Date "2001.01.19"]
[Round "?"]
[White "Hossa"]
[Black "pattigi"]
[Result "1-0"]
[WhiteElo "2536"]
[BlackElo "1928"]
[PlyCount "67"]
[EventDate "2001.??.??"]

1. Nf3 c5 2. e4 d6 3. d4 cxd4 4. Nxd4 Nf6 5. Nc3 a6 6. Be2 e5 7. Nf3 h6 8. O-O
Be7 9. Be3 Be6 10. Nd5 Bxd5 11. exd5 Nbd7 12. c4 Rc8 13. Nh4 Nxd5 14. Qxd5 Bxh4
15. g3 Be7 16. f4 O-O 17. fxe5 dxe5 18. Qxb7 Nc5 19. Qd5 Qxd5 20. cxd5 Rfd8 21.
b4 Ne4 22. Bxa6 Ra8 23. Bd3 Nf6 24. d6 Rxd6 25. Bb5 Rb8 26. a4 Nd5 27. Bc5 Re6
28. Bc4 Bxc5+ 29. bxc5 Ne3 30. Bxe6 Nxf1 31. Bd7 Nd2 32. c6 Nb3 33. c7 Rf8 34.
Rb1 {pattigi resigns} 1-0

[Event "ICS rated blitz match"]
[Site "204.178.125.65"]
[Date "2001.01.19"]
[Round "?"]
[White "Hossa"]
[Black "DrTarrasch"]
[Result "1-0"]
[WhiteElo "2537"]
[BlackElo "2169"]
[Annotator "Nimzo 8 (23s)"]
[PlyCount "69"]
[EventDate "2001.??.??"]

{D38: Damengambit (Ragosin-Verteidigung)} 1. Nf3 d5 2. d4 Nf6 3. c4 e6 4. Nc3
Bb4 5. cxd5 {Weiss erlangt Initiative} 5... exd5 6. Qa4+ Nc6 7. Ne5 (7. e3 O-O
8. Bb5 Bd7 $11) 7... Bxc3+ 8. bxc3 Bd7 9. Qb3 h6 10. Qxb7 {
Droht entscheidend Nxc6} 10... Nxe5 11. dxe5 Nh7 12. Qxd5 O-O 13. f4 (13. Ba3
c6 14. Qd4 Re8 $16) 13... Qe7 14. Be3 (14. e4 Be6 15. Qc6 Rab8 $18) 14... Be6
15. Qc6 (15. Qc5 Qd8 16. g3 $18) 15... Rfd8 16. Bc5 Qh4+ 17. g3 Qg4 18. Bg2 Nf8
19. Be7 (19. Bxf8 Rxf8 20. Bf3 Qh3 21. Qxa8 Rxa8 22. Bxa8 Bc4 $18) 19... Re8
20. Qxc7 (20. Bxf8 $142 Rxf8 21. Bf3 $18) 20... Ng6 21. Bxa8 (21. Bf3 {
ginge schneller} 21... Qf5 22. Bxa8 Rxa8 $18) 21... Rxa8 22. Qb7 Re8 23. Bc5
Bc4 24. O-O Qxe2 25. Rf2 Qg4 26. Qxa7 Bd5 27. Qa6 (27. Qa4 {
damit wuerde Weiss es sich noch erleichtern} 27... Rc8 28. c4 Ba8 $18) 27...
Qf5 28. Qb5 (28. c4 {gibt noch groesseren Vorteil} 28... Be6 29. Rc1 Rc8 $18)
28... Ra8 29. Qe2 (29. c4 {erleichterte Weiss die Gewinnfuehrung} 29... Be4 $18
) 29... h5 30. c4 Bc6 31. Rd1 h4 32. g4 Qc8 33. f5 Nf8 34. e6 fxe6 35. Bxf8 (
35. Bxf8 Qb7 36. fxe6 Rxf8 37. Rxf8+ Kxf8 38. Qf2+ Ke8 39. Qf5 $18) 1-0

[Event "ICS rated standard match"]
[Site "204.178.125.65"]
[Date "2001.01.19"]
[Round "?"]
[White "BrazilianMaster"]
[Black "Hossa"]
[Result "1-0"]
[WhiteElo "2643"]
[BlackElo "2333"]
[PlyCount "229"]
[EventDate "2001.??.??"]

1. e4 c5 2. Nf3 Nc6 3. Bb5 e6 4. Bxc6 bxc6 5. b3 d5 6. e5 Ne7 7. O-O Ng6 8. d3
Be7 9. Nc3 Ba6 10. Ba3 d4 11. Na4 Qd5 12. Re1 O-O 13. Qc1 Rfd8 14. c4 dxc3 15.
Nxc3 Qd7 16. Ne4 Bxd3 17. Bxc5 Bxe4 18. Rxe4 Qd3 19. Re3 Qb5 20. Rc3 Bxc5 21.
Rxc5 Qe2 22. Qf1 Qxf1+ 23. Kxf1 Ne7 24. Rac1 Rd7 25. Ra5 Rad8 26. Rc4 Rd1+ 27.
Ke2 R1d7 28. Ra6 h6 29. Rca4 Ra8 30. g3 h5 31. Rd4 Rd5 32. h3 g6 33. Rb4 Rd7
34. Ng5 Rd5 35. f4 Rd7 36. Rc4 Nf5 37. Ne4 Kf8 38. Kf2 Ne7 39. h4 Kg7 40. Nd6
Kf8 41. Rc5 Rad8 42. Kf3 Kg7 43. Kg2 Kg8 44. Kh3 Kf8 45. Rca5 Ra8 46. a3 Kg8
47. Kg2 Kg7 48. Kf2 Kg8 49. Ke2 Rc7 50. b4 Kf8 51. Kf2 Rd7 52. Kf3 Kg7 53. Ke3
Kf8 54. Kf2 Kg7 55. Kf3 Kf8 56. Ke3 f6 57. Nc4 Kg7 58. exf6+ Kxf6 59. Ne5 Rc7
60. Kf2 Kg7 61. Rc5 Rac8 62. Kg2 Kf6 63. Kh3 Kg7 64. Kh2 Kf6 65. Rca5 Ra8 66.
Kh3 Kg7 67. Kg2 Kf6 68. Kh2 Kg7 69. Kh3 Kf6 70. Kg2 Kg7 71. Rc5 Rac8 72. Rc1
Kg8 73. Rd1 Nf5 74. Kh3 Kg7 75. Rd3 Kh6 76. Rc3 Ne7 77. Nf7+ Kg7 78. Ng5 Rd7
79. Nxe6+ Kf7 80. Ng5+ Ke8 81. Nf3 Rcc7 82. Ne5 Rd6 83. Rc5 Kf8 84. Rca5 Nc8
85. Kg2 Kg7 86. Kf3 Kh7 87. a4 Kg7 88. Rc5 Ne7 89. b5 Rd5 90. Rc4 c5 91. a5 Rd2
92. b6 axb6 93. axb6 Rb7 94. Rxc5 Rd6 95. Nc4 Rd3+ 96. Kf2 Rdd7 97. Na5 Rd2+
98. Kf3 Rd3+ 99. Kg2 Rb8 100. Rc7 Rd2+ 101. Kh3 Kf8 102. b7 Rd5 103. Nc6 Nxc6
104. Raxc6 Rdd8 105. Rf6+ Kg8 106. Rxg6+ Kf8 107. f5 Rd4 108. Rh6 Kg8 109. f6
Rg4 110. Rhh7 Rf8 111. b8=Q Rxb8 112. f7+ Kxh7 113. f8=Q+ Kg6 114. Qf7+ Kh6
115. Qh7# {Hossa checkmated} 1-0